|
|
|
|
| LEADER |
00643cam a2200205 7i4500 |
| 001 |
0000025727 |
| 005 |
20151104090000.0 |
| 005 |
##20151104131500.0 |
| 003 |
##MY-KlINT |
| 008 |
15110422s2004 my may d |
| 020 |
# |
# |
|a 9789832661412
|
| 020 |
# |
# |
|a 9832661412
|
| 039 |
# |
9 |
|y 201511041315
|z VLOAD
|
| 090 |
0 |
0 |
|a E 006.78
|b ROS
|
| 100 |
1 |
# |
|a Rosli Ab. Ghani,
|d 1970-
|
| 245 |
1 |
0 |
|a Rujukan & panduan ActionScripts 2.0 :
|b teori dan teknik asas : Macromedia Flash MX 2004 Professional /
|c Rosli Ab. Ghani.
|
| 260 |
# |
# |
|a Batu Caves, Selangor:
|b Venton Pub,
|c c2004.
|
| 300 |
# |
# |
|a 709 ms:
|b il;
|c 26cm.
|
| 650 |
# |
0 |
|a Computer graphics
|
| 650 |
# |
0 |
|a Computer animation
|